000 00566nam a2200181Ia 4500
008 100917s9999 xx 000 0 und d
082 _b41932
100 _aमंगळवेढेकर राजा
245 _aअखेरचा सम्राट
260 _bइंद्रायणी साहित्य
_c1977
300 _a79
365 _b5
520 _aबालविभाग
630 _aअखेरचा सम्राट
650 _aबालविभाग
730 _aअखेरचा सम्राट
942 _cBOOK
999 _c647326
_d647323